Expert determination: challenging an expert determination (Record no. 70548)

MARC details
000 -LEADER
fixed length control field 01410cam a2200217 4500
001 - CONTROL NUMBER
control field DIABS65598
008 - FIXED-LENGTH DATA ELEMENTS--GENERAL INFORMATION
fixed length control field 020624n2002 000 0 eng u
035 ## - SYSTEM CONTROL NUMBER
System control number (Sirsi) u118500
245 ## - TITLE STATEMENT
Title Expert determination: challenging an expert determination
260 ## - PUBLICATION, DISTRIBUTION, ETC.
Date of publication, distribution, etc. 2002
490 ## - SERIES STATEMENT
Series statement Arbitration Law Monthly
Volume/sequential designation 2(5) May 2002, 7-11(5)
520 ## - SUMMARY, ETC.
Summary, etc. Expert determination is often used to resolve valuation disputes. It is usual that an expert determination is capable of challenge in the courts in only two circumstances: the an expert has reached a conclusion that is so unreasonable that no reasonable expert could have reached that conclusion; or the expert has ignored his instructions in a material respect in reaching his decision. Examines these aspects of expert determination in two decisions of Thomas J, "Galaxy Energy International Ltd v Eurobunker SpA" (2001) and "Invensys plc v Automotive Sealing Systems Ltd" (2001) and a decision of the CA, "Veba Oil Supply and Trading GmbH v Petrotrade Inc" (2001)
590 ## - LOCAL NOTE (RLIN)
Local note ABS
650 ## - SUBJECT ADDED ENTRY--TOPICAL TERM
Topical term or geographic name entry element EXPERT DETERMINATION
650 ## - SUBJECT ADDED ENTRY--TOPICAL TERM
Topical term or geographic name entry element VALUATION DISPUTES
650 ## - SUBJECT ADDED ENTRY--TOPICAL TERM
Topical term or geographic name entry element GALAXY ENERGY INTERNATIONAL LTD V EUROBUNKER SPA
650 ## - SUBJECT ADDED ENTRY--TOPICAL TERM
Topical term or geographic name entry element INVENSYS PLC V AUTOMOTIVE SEALINGS SYSTEMS
650 ## - SUBJECT ADDED ENTRY--TOPICAL TERM
Topical term or geographic name entry element VEBA OIL SUPPLY AND TRADING GMBH V PETROTRADE INC
690 ## - LOCAL SUBJECT ADDED ENTRY--TOPICAL TERM (OCLC, RLIN)
Topical term or geographic name as entry element MANGEMENT-DISPUTE AVOIDANCE, MANAGEMENT AND RESOLUTION-DISPUTE MANAGEMENT AND RESOLUTION
942 ## - ADDED ENTRY ELEMENTS (KOHA)
Suppress in OPAC 0
Holdings
Withdrawn status Lost status Source of classification or shelving scheme Damaged status Not for loan Home library Current library Shelving location Date acquired Total Checkouts Full call number Barcode Date last seen Copy number Price effective from Koha item type
    Dewey Decimal Classification     London London Journal article 24/06/2002   ABS65598 118500-1001 06/08/2019 1 06/08/2019 Journal article